00620nam a2200193Ia 450000500170000001000290001702000370004603500130008303500170009603700190011303700130013208200110014510000200015624500760017626000350025227000590028730000300034650000500037620150915143502.0 aBAC-EN21 ENG-111924 a9780143422884 (part-1)c499.00 aEN-95456 aB-580936-953 bAakar/Venadpl bDBAD/PUB a954.01 aEraly, Abraham aThe first spring :cby Abraham Eralyblife in the golden age of India / c2014aNew DelhibPenguin Books a11 Community Centre,Panchsheel ParkbNew Delhie110017 c24cm(pbk)aPt.1(xv,501p.) aIncludes bibliographical references and index